| 000 | 00523nam a2200193Ia 4500 | ||
|---|---|---|---|
| 005 | 20250704152140.0 | ||
| 008 | 008 250516s9999 xx 000 0 hin d | ||
| 020 | _a9789348650436 | ||
| 040 |
_beng _cSDCL |
||
| 041 |
_ahin _2hin |
||
| 084 | _aO152,6N25x R5 | ||
| 100 |
_aPaneri, Malay _9809485 |
||
| 245 | 0 | _aNatakkar Mohan Rakesh | |
| 246 | _aनाटककार मोहन राकेश | ||
| 260 |
_aDelhi: _bNayee Kitab Prakashan, _c2025. |
||
| 300 | _a164p. | ||
| 650 | _aHindi | ||
| 942 |
_cTEXL _2CC |
||
| 999 |
_c1429344 _d1429344 |
||